LEADER 00856cam2 22002531 450 001 SOBE00024456 005 20190116131604.0 100 $a20120413d2010 |||||ita|0103 ba 101 $aita 102 $aIT 200 1 $aAppendice informatica$fClaudio Consolo 210 $aTorino$cGiappichelli$d2010 215 $a1 cd-rom 461 1$1001SOBE00024450$12001 $aSpiegazioni di diritto processuale civile / Claudio Consolo 700 1$aConsolo$b, Claudio$3AF00008789$4070$0231823 801 0$aIT$bUNISOB$c20190116$gRICA 850 $aUNISOB 852 $aUNISOB$j340|CD$m157219. 912 $aSOBE00024456 940 $aM 420 Risorsa elettronica locale SBN 941 $aM 957 $a340|CD$b000276$gCON$d157219.$racquisto$1catenacci$2UNISOB$3UNISOB$420120413114550.0$520190116131604.0$6bethb 996 $aAppendice informatica$91718169 997 $aUNISOB